000 00480cam a2200205ua 4500
001 8212
005 20260515114315.0
008 150110n ii |||gr||||Z||||||hin
040 _cMAIN
041 _ahin
082 _a891.433
100 _aPremchand,
_eAuthor.
245 1 _aKarmbhumi
_cBy Premchand
250 _a1st.
260 _aVaranasi:
_bSanjay,
_c1987.
300 _a254p.
653 _aEast Indo-European & Celtic literatures
653 _aHindi novels
942 _cBK
999 _c7322
_d7322